Il corpo pensa : Umanità o femminità?

Salvato in:
Dettagli Bibliografici
Autore principale: Giuffrida, Angela
Natura: Libro
Lingua:inglese
Pubblicazione: Roma Prospettiva 2002
Tags: Aggiungi Tag
Nessun Tag, puoi essere il primo ad aggiungerne!!

MARC

LEADER 00000nam a2200000 4500
005 20231102145530.0
008 231102b |||||||| |||| 00| 0 eng d
020 |a 8880220845 
040 |c C 
100 |a Giuffrida, Angela 
245 |a Il corpo pensa  |b : Umanità o femminità? 
260 |a Roma  |b Prospettiva  |c 2002 
300 |a 254 p.  |c 20 cm 
942 |2 ddc  |c BK  |n 0 
952 |0 0  |1 0  |2 ddc  |4 0  |6 305_300000000000000_GIU_COR  |7 1  |9 49  |a GE  |b GE  |d 2023-11-02  |l 0  |o 305.3 GIU COR  |p 2281  |r 2023-11-02 14:54:01  |w 2023-11-02  |y BK 
999 |c 51  |d 51